Albums by Image - Statistics

General Stats
  • This quiz has been taken 36 times
  • The average score is 9 of 16
Answer Stats
Picture Answer % Correct
Thriller
83%
1989
80%
Abbey Road
80%
21
77%
Blond
66%
Rumors
60%
...Baby One More Time
57%
Born in the U.S.A.
57%
Currents
57%
Good Kid, M.A.A.D. City
54%
The Miseducation of Lauryn Hill
54%
Songs From The Big Chair
46%
Like a Virgin
43%
Hounds of Love
40%
Melodrama
34%
Bon Jovi
17%
No matching quizzes found
Score Distribution
Percent of People with Each Score
Percentile by Number Answered
Your Score History
You have not taken this quiz